Návštevnosť zachraňujú Slováci Vysoké Tatry prestávajú lákať zahraničných turistov

Bibliographic Details
Main Author: Bielený, Branislav (Author)
Format: Article
Language:Slovak
ISSN:1335-4655
Subjects:

MARC

LEADER 00000nab a2200000 ar4500
001 vtls010099858
003 SK-MaSNL
005 20260303203746.0
008 180907c20100415xo mr|p|||||||000 b|slo
038 |a SNSK 
040 |b slo  |c SNSK  |e AACR2 
041 |a slo 
044 |a xo  |c SK 
080 |a 338.48-31  |x (234.372.4)  |x "2010"  |2 2001 
080 |a 796.5  |x -057.67  |2 2001 
100 1 |a Bielený, Branislav  |4 aut  |9 1032111 
245 1 0 |a Návštevnosť zachraňujú Slováci  |b Vysoké Tatry prestávajú lákať zahraničných turistov  |c Branislav Bielený 
648 7 |a 2010  |2 snsk  |9 324355 
650 0 7 |a návštevnosť  |2 snsk  |9 508914 
650 0 7 |a zimná sezóna  |2 snsk  |9 1093167 
651 7 |a Vysoké Tatry (Poľsko a Slovensko : pohorie)  |2 SNKPHgeo  |9 67729 
651 7 |a Poprad (Slovensko : okres)  |2 snsk  |9 28675 
773 0 |t Nový Čas  |g Roč. 20, č. 86 (15.4.2010), s. 11  |x 1335-4655 
852 |a SNSK  |b KIS3GCP 
999 |c 2186977  |d 2188907